The semiconductor data library

Сохранить в:
Библиографические подробности
Соавтор: Motorola (Автор)
Формат:
Язык:английский
Опубликовано: Phoenix Motorola 1974
Серии:Motorola Semiconductor Products
Предметы:
Метки: Добавить метку
Нет меток, Требуется 1-ая метка записи!

MARC

LEADER 00000nam a2200000 a 4500
001 UCY3994
003 CL-VaPUC
008 950125e19740000US |||||||||||||||||eng|d
082 0 4 |a 621.385  |b MOT  |2 21 
110 2 |a Motorola  |e author  |9 332409 
245 1 4 |a The semiconductor data library 
300 |a v 
942 |c BK 
945 |d 19950125 00:00:00  |a mfernand 
260 |a Phoenix  |b Motorola  |c 1974 
650 0 |a Semiconductores  |9 260250 
650 0 |a Manuales  |9 257144 
650 0 |a Circuitos integrados   |9 260673 
583 |a last modification  |c 20180403 11:56:35  |k Rodrigo Vera 
490 0 |a Motorola Semiconductor Products 
999 |c 231995  |d 231993 
952 |0 0  |1 0  |4 0  |6 621_385000000000000_MOT_1974  |7 0  |8 A  |9 235925  |a BIBING  |b BIBING  |d 2019-11-15  |h v.3  |i 3055876  |o 621.385 MOT 1974  |p 3055876  |r 2025-01-20  |w 2019-11-15  |y BK  |k ING 
952 |0 0  |1 0  |4 0  |6 621_385000000000000_MOT_1974  |7 0  |8 A  |9 235926  |a BIBING  |b BIBING  |d 2019-11-15  |h v.6  |i 3056031  |o 621.385 MOT 1974  |p 3056031  |r 2025-01-20  |w 2019-11-15  |y BK  |k ING 
952 |0 0  |1 0  |4 0  |6 621_385000000000000_MOT_1974  |7 0  |8 A  |9 235927  |a BIBING  |b BIBING  |d 2019-11-15  |h v.1  |i 1709402  |o 621.385 MOT 1974  |p 1709402  |r 2025-01-20  |w 2019-11-15  |y BK  |k EIE 
952 |0 0  |1 0  |4 0  |6 621_385000000000000_MOT_1974  |7 0  |8 A  |9 235928  |a BIBING  |b BIBING  |d 2019-11-15  |h v.2  |i 1709410  |o 621.385 MOT 1974  |p 1709410  |r 2025-01-20  |w 2019-11-15  |y BK  |k EIE 
952 |0 0  |1 0  |4 0  |6 621_385000000000000_MOT_1974  |7 0  |8 A  |9 235929  |a BIBING  |b BIBING  |d 2019-11-15  |h v.2  |i 1709429  |o 621.385 MOT 1974  |p 1709429  |r 2025-01-20  |w 2019-11-15  |y BK  |k EIE 
952 |0 0  |1 0  |4 0  |6 621_385000000000000_MOT_1974  |7 0  |8 A  |9 235930  |a BIBING  |b BIBING  |d 2019-11-15  |h v.3  |i 1709437  |o 621.385 MOT 1974  |p 1709437  |r 2025-01-20  |w 2019-11-15  |y BK  |k EIE 
952 |0 0  |1 0  |4 0  |6 621_385000000000000_MOT_1974  |7 0  |8 A  |9 235931  |a BIBING  |b BIBING  |d 2019-11-15  |h v.4  |i 1709445  |o 621.385 MOT 1974  |p 1709445  |r 2025-01-20  |w 2019-11-15  |y BK  |k EIE 
952 |0 0  |1 0  |4 0  |6 621_385000000000000_MOT_1974  |7 0  |8 A  |9 235932  |a BIBING  |b BIBING  |d 2019-11-15  |h v.5  |i 1709453  |o 621.385 MOT 1974  |p 1709453  |r 2023-03-02  |w 2019-11-15  |y BK  |k EIE 
952 |0 0  |1 0  |4 0  |6 621_385000000000000_MOT_1974  |7 0  |8 A  |9 235933  |a BIBING  |b BIBING  |d 2019-11-15  |h v.5  |i 1709461  |o 621.385 MOT 1974  |p 1709461  |r 2025-01-20  |w 2019-11-15  |y BK  |k EIE